Dinamičeskaja teorija grupp i polej
Salvato in:
| Natura: | Libro |
|---|---|
| Lingua: | russo |
| Pubblicazione: |
Moskva
Nauka
1987
|
| Edizione: | 1. izd. |
| Tags: |
Nessun Tag, puoi essere il primo ad aggiungerne!!
|
MARC
| LEADER | 00000nam a2200000 4500 | ||
|---|---|---|---|
| 001 | c034989 | ||
| 005 | 20260130101533.1 | ||
| 041 | 0 | |a rus | |
| 044 | |a RU | ||
| 245 | 1 | 0 | |a Dinamičeskaja teorija grupp i polej |c Bryce S. Dewitt ; [Z angl. prel. ] V.F. Muchanova |
| 250 | |a 1. izd. | ||
| 264 | 1 | |a Moskva |b Nauka |c 1987 | |
| 300 | |a 287 s. | ||